Quiz sulla Groenlandia - Statistics

Statistiche generali
  • Questo quiz è stato fatto 30 volte
  • Il punteggio medio è 15 su 27
Statistiche sulle risposte
Definizione Risposta % Corretto
La Groenlandia è una dipendenza di questo Stato Danimarca
100%
La Groenlandia è l'______ più grande del mondo Isola non continentale
96%
Danese
92%
Altra lingua parlata Inglese
92%
Oceano in cui si trova la Groenlandia Oceano Atlantico
92%
Presidente di un altro Stato che ha espresso interesse nell'acquisto della Groenlandia, venendo immediatamente attaccato dai politici groenlandesi e danesi Donald Trump
88%
Unico Stato con cui confina (dal 2022 su una piccola isola) Canada
83%
Mare a nord della Groenlandia Mar Glaciale Artico
83%
Capitale Nuuk
83%
Pesca
79%
Problema che sta facendo sciogliere i ghiacciai e aumentare il livello del mare Cambiamento climatico
75%
Moneta Corona Danese
75%
Fino al 1814, la Groenlandia era sotto il controllo di questo Stato Norvegia
71%
Lingue Ufficiali Groenlandese
67%
La Groenlandia ha il più alto tasso di _________ al mondo Suicidi
50%
Sport nazionale della Groenlandia Calcio
46%
Animale presente sullo stemma della Groenlandia Orso polare
46%
Settori su cui si basa l'economia Turismo
46%
Ramo del protestantesimo maggiormente praticato Luteranesimo
33%
Se la sua pianta stabile venisse confermata, l'83-42 sarebbe l'isola più ___________ mai conosciuta Settentrionale
33%
Nel 2000 gli _________ hanno superato le nascite Aborti
21%
Fino al 2022, sull'isola Hans c'è stata questa disputa con un nome singolare, che si è risolta in quell'anno dividendola in due: così facendo, la Groenlandia adesso confina con lo Stato di sopra Guerra del Whisky
17%
È anche la regione _____ __________ _________ della Terra Meno densamente popolata
13%
Re Federico X di Danimarca
8%
Nome del parlamento groenlandese Inatsisartut
0%
Noto esploratore groenlandese Knud Rasmussen
0%
La Groenlandia è la quarta _______________ ______________ più grande al mondo Suddivisione amministrativa
0%
Nessun quiz corrispondente trovato
Distribuzione punteggi
Percentuale di utenti per punteggio
Percentile per numero di risposta
I tuoi punteggi nel tempo
Non hai fatto questo quiz